000 00726nam a22002537a 4500
005 20170124110036.0
010 _a608065
020 _c00.00
035 _a608065
037 _bCen Lib/Ret
040 _aDPL
_bEN
082 _a301.072
_bUEN
100 _aUnesco
_917434
245 _aMain trends of research in the social and human sciences /
_cby Unesco
260 _aParis
_bUNESCO
_c1970
270 _aUNESCO,Place De Fontenoy
_bParis
300 _axlvii,819p.
_c22cm(Hb)
500 _aIncludes index.
505 _aPart 1 : Social sciences
650 _aSocial sciences--Research
_917085
650 _aPhilosophy
_9101833
700 _aMaheu, Renu
_922780
942 _2ddc
_cEN
_h301.072
_mUEN
999 _c128237
_d128237